00478nam a2200205 a 4500001001300000003000900013005001700022008004100039020001000080082001500090100001600105245002500121260002900146300000900175500003500184505001000219650001400229650001300243700001600256nice12345678IN_TiNIC20260116012244.0050524s1955 lona grp 000 0 eng  ac10000a232.3bHOD aHodges, H A aPattern of Atonement aLondonbScm Press c1955 a103p aincludes index and biblioraphy2 aIndex aAtonement aTheology1 aHodges, H A